Report of agriculture census, Maharashtra state (Record no. 499360)

000 -LEADER
fixed length control field 00427cam a22001097a 4500
008 - FIXED-LENGTH DATA ELEMENTS--GENERAL INFORMATION
fixed length control field 180718b xxu||||| |||| 00| 0 eng d
082 ## - DEWEY DECIMAL CLASSIFICATION NUMBER
Classification number Zx5442 M278/1976-77
245 ## - TITLE STATEMENT
Title Report of agriculture census, Maharashtra state
Statement of responsibility, etc. by Department of Agriculture, Maharashtra
260 ## - PUBLICATION, DISTRIBUTION, ETC.
Place of publication, distribution, etc. Bombay
Name of publisher, distributor, etc. Department of Agriculture
Date of publication, distribution, etc.
500 ## - GENERAL NOTE
General note Contents: Library has 1970-71 and 1976-77(part 1 and 2)
700 ## - ADDED ENTRY--PERSONAL NAME
Personal name Maharashtra. Department of Agriculture
Holdings
Withdrawn status Lost status Damaged status Not for loan Permanent Location Current Location Date acquired Full call number Barcode Date last seen Price effective from Koha item type
        Indian Institute of Public Administration Indian Institute of Public Administration 2018-08-04 Zx5442 M278/1976-77 GG19602 2018-08-04 2018-08-04 GG
        Indian Institute of Public Administration Indian Institute of Public Administration 2018-08-04 Zx5442 M278/1976-77 GG18255 2018-08-04 2018-08-04 GG

Powered by Koha